000 01584cam a22004574i 4500
003 PE-LiUPU
005 20250731173024.0
008 150623s r 000 0 d
020 _a0805410627
035 _a(Sirsi) i9780805410624
040 _aPE-LiUPU
_bspa
_cPE-LiUPU
_erda
049 _aPRUA
082 0 4 _a268.002
_bS84
_221
100 1 _aStubblefield, Jerry M.,
_eautor.
245 1 4 _aThe effective minister of education :
_ba comprehensive handbook /
_cJerry M. Stubblefield.
264 1 _aNashville, Tennessee :
_bBroadman & Holman Publishers,
_c1993.
300 _a253 páginas ;
_c23 centímetros
336 _atext
_2rdacontent
337 _aunmediated
_2rdamedia
338 _avolume
_2rdacarrier
504 _aIncluye bibliografía.
505 0 _aWho is the minister of education?. -What does an ME do?. -What are ME's relationships?. -How to get stardet as an ME.
526 _aSEG42
526 _aSEG41
526 _aSEG40
526 _aSEG39
526 _aP94
526 _aP87
526 _aP86
526 _aP85
526 _aP77
526 _aP76
526 _aP35
650 0 4 _aEducación cristiana
_xFilosofía.
942 _2ddc
_cBOOK
949 _a268.002 S84
_wDEWEY
_c1
_i47867
_lCCODEBUL1
_mBUL
_r0
_sY
_tBOOK
_u2015-6-24
_xTEOLOGIA
_PP35
_0COMPRA
_o.STAFF. Colección General
994 _aC0
_bPEPRU
596 _a1
999 _a268.002 S84
_wDEWEY
_c24338
_i47867
_f2021-11-10
_g5
_lCCODEBUL1
_mBUL
_r0
_sY
_tBOOK
_u2015-6-24
_xTEOLOGIA
_PP35
_0COMPRA
_o.STAFF. Colección General
_d24338
980 _81
_gALBERTO SANCHEZ Responsable de Automatización